00321nam a2200121Ia 4500008004100000020001800041041000800059082002300067100001600090245003600106260004800142300000900190230411s9999 xx 000 0 und d a81-7042-134-9 aeng aE/616.2/DHI/B00506 aDhingra P L aDiseases of Ear Nose and Throat bB I Churchill Living StoneaNew Delhic1998 a434p